00345nam a22001217a 450000500170000000800410001702000150005804000130007308200190008624500600010526000470016530000110021220200513101458.0171212b xxu||||| |||| 00| 0 eng d a0860372871 cPK-LaUMT aPKAC 297bISL- aIslam: its meaning and message/cKhurshid Ahmad(Editor) aLeicesther:bThe Islamic foundation,c1992 a283 p.